Statistics for Rhymes With Crow

Click here to take the quiz!

General Stats

  • This quiz has been taken 202 times
  • The average score is 27 of 32

Answer Stats

HintAnswer% Correct
FFlow
95%
GGrow
95%
LLow
95%
MMow
95%
NNo
95%
RRow
95%
SSlow
95%
BBow
94%
HHoe
94%
TTow
91%
BBro
90%
GGo
90%
BBlow
88%
SStow
88%
GGlow
87%
TToe
83%
DDoe
82%
SShow
82%
SSnow
82%
SSow
82%
TThrow
82%
DDough
79%
FFoe
79%
RRoe
79%
WWoe
79%
OOwe
75%
FFro
73%
SSew
73%
KKnow
70%
TThough
70%
WWhoa
54%
BBeau
45%

Score Distribution

Percentile by Number Answered

Percent of People with Each Score

Your Score History

You have not taken this quiz